Instrumentos de política para la conservación y uso sostenible de la Biodiversidad en los páramos andinos (Registro nro. 6141)

Detalles MARC
000 -CABECERA
Campo de control 02178nam a2200241 a 4500
090 ## - CLASIFICACIÓN LOCAL
Colección IAVH
Consecutivo 00643
041 ## - IDIOMA
Código de idioma para texto/pista de sonido o título separado Español
100 ## - ASIENTO PRINCIPAL--NOMBRE PERSONAL
Nombre personal Valbuena López, María Saralux
245 ## - MENCION DE TITULO
Título Instrumentos de política para la conservación y uso sostenible de la Biodiversidad en los páramos andinos
Parte restante del título tres casos locales
260 ## - PUBLICACION, DISTRIBUCION, ETC. (PIE DE IMPRENTA)
Lugar de publicación, distribución, etc. Bogotá
Nombre del editor, distribuidor, etc. Instituto Alexander von Humboldt
Fecha de publicación, distribución, etc. 2005
300 ## - DESCRIPCION FISICA
Extensión 104 p.
520 ## - NOTA DE RESUMEN, ETC.
Nota de resumen Análiza el comportamiento productivo agropecuario en tres zonas de incidencia sobre el ecosistema de páramo como aporte al diseño de instrumentos de política para incorporar criterios de biodiversidad en propuestas locales, regionales y/o nacionales.El primer capítulo hace referencia al comportamiento de la producción del sector agropecuario de incidencia sobre la biodiversidad del ecosistema de páramo. Los subsectores agropecuarios se mayor incidenci sobre la biodiversidad en los páramos en las tres áreas de estudio son la papa y la ganadería de bovinos; en consecuencia, se realizó una descripción del comportamiento de dichos subsectores. En el segundo y tercer capítulos se discute la incidencia de la inversión agropecuariam pública y privada en las tres áreas de estudio con énfasis en subsectores papero y ganadero. Posteriormente, se analizan algunos instrumentos de planificación con incidencia en los subsectores antes mencionados. En el capítulo cinco se presenta un instructivo de los talleres desarrollados con los actores locales y los resultaods de los mismos. Finalmente, se presentan algunas conclusiones y recomendaciones generales durante el desarrollo que pueden contribuir con las etapas posteriores del proyecto y guiar la construcción de nuevos instrumentos.
650 ## - ASIENTO SECUNDARIO DE MATERIA - TERMINO TEMATICO
Término temático o nombre geográfico como elemento de entrada Conservación
650 ## - ASIENTO SECUNDARIO DE MATERIA - TERMINO TEMATICO
Término temático o nombre geográfico como elemento de entrada Biodiversidad
650 ## - ASIENTO SECUNDARIO DE MATERIA - TERMINO TEMATICO
Término temático o nombre geográfico como elemento de entrada Sector agropecuario
650 ## - ASIENTO SECUNDARIO DE MATERIA - TERMINO TEMATICO
Término temático o nombre geográfico como elemento de entrada Páramos
650 ## - ASIENTO SECUNDARIO DE MATERIA - TERMINO TEMATICO
Término temático o nombre geográfico como elemento de entrada Cultivos de papa
650 ## - ASIENTO SECUNDARIO DE MATERIA - TERMINO TEMATICO
Término temático o nombre geográfico como elemento de entrada Ganadería de bovinos
650 ## - ASIENTO SECUNDARIO DE MATERIA - TERMINO TEMATICO
Término temático o nombre geográfico como elemento de entrada Inversión agropecuaria
662 ## - ASIENTO SECUNDARIO DE MATERIA - JERARQUIA DEL NOMBRE DE LUGAR(
País o entidad mayor Colombia
Jurisdicción política intermedia Páramo de Rabanal
Jurisdicción política de primer orden Cundinamarca
662 ## - ASIENTO SECUNDARIO DE MATERIA - JERARQUIA DEL NOMBRE DE LUGAR(
País o entidad mayor Colombia
Jurisdicción política intermedia Río Bogotá
Ciudad Villapinzón
Jurisdicción política de primer orden Cundinamarca
662 ## - ASIENTO SECUNDARIO DE MATERIA - JERARQUIA DEL NOMBRE DE LUGAR(
País o entidad mayor Colombia
Jurisdicción política intermedia Páramo de Guerrero
Jurisdicción política de primer orden Cundinamarca

No hay ítems disponibles.